| 000 | 00891nam a2200193 i 4500 | ||
|---|---|---|---|
| 001 | 82891 | ||
| 003 | ES-MaACL | ||
| 005 | 20230906174740.0 | ||
| 007 | t| | ||
| 008 | 041112s1973 sp ||||1| spa d | ||
| 110 | 2 |
_aInstituto Nacional para la Conservación de la Naturaleza (España) _95197 |
|
| 245 | 1 | 0 |
_aMemoria sobre las actividades del Instituto Nacional para la Conservación de la Naturaleza en el año 1972 / _cMinisterio de Agricultura, Instituto Nacional para la Conservación de la Naturaleza. |
| 260 |
_aMadrid : _bServicio de Publicaciones Agrarias, _c1973. |
||
| 300 |
_a186 p., 2 lám. ; _c29 cm. |
||
| 610 | 2 | 4 |
_aInstituto Nacional para la Conservación de la Naturaleza (España) _95197 |
| 650 | 0 | 0 |
_aNaturaleza- _xProtección- _zEspaña. _915486 |
| 710 | 1 |
_aEspaña. _bMinisterio de Agricultura. _bServicio de Publicaciones Agrarias. _9172211 |
|
| 852 |
_aES-MaACL _jE-6445 |
||
| 999 |
_c82891 _d82891 |
||